000 01381ny a22003133n 4500
005 20240305165342.0
008 970408s1984 sp s 000 0 spa c
020 _a8471304627
035 _a470
040 _aUMA.CEE
_dvLex
040 _aUMA.RE
_dvLex
080 _a347(460)
090 _c2135
_d2135
245 0 0 _aComentarios al Código Civil y compilaciones forales
_h[Recurso electrónico]
_cdirigidos por Manuel Albaladejo
256 _aServicio en línea
260 _aMadrid :
_bRevista de Derecho Privado :
_bEditoriales de Derecho Reunidas,
_cD.L. 1984
300 _ap. ;
_c21 cm
505 0 _tTomo X, Vol.2, Artículos 774 a 805 del Código civil /
_rcomentados por Manuel Albaladejo García... [et al.]
506 1 _aContenido solo disponible en los productos indicados
_dvLex Global
_dvLex Global (Academic Edition, excluding Law Schools)
_dvLex Global (U.S. Academic Edition, Law Schools)
_dvLex Global (U.S. Academic Edition, excluding Law Schools)
_dvLex Global (Academic Edition, Law Schools)
650 0 7 _aCivil
_2Tesauro vLex
650 0 7 _aCódigo civil
_2Tesauro vLex
650 0 7 _aSucesorio
_2Tesauro vLex
650 0 7 _aHerencia
_2Tesauro vLex
650 0 7 _aDerecho sucesorio
_2Tesauro vLex
700 1 _aAlbaladejo García, Manuel,
_edir
740 0 _avLex Libros (Servicios en línea)
856 4 0 _uhttps://app.vlex.com/#/sources/470
942 _cRAA
999 _c160568
_d160568